MDQL
is popping MORE tags! Check the
thread
!
Quizzes
Events
Quiz Creation
Community
Videos
Private Events
Remove Ads
Sign In
Join for FREE
Feedback
Dark Mode
Quiz Categories
Sports
Geography
Music
Movies
Television
Just For Fun
Miscellaneous
History
Literature
Language
Science
Gaming
Entertainment
Religion
Holiday
For Kids
Quiz Lab
Recent
Popular Today
Quiz Kudos Today
Editor Picks
Curator Picks
Quizzes by...
Day
Popularity
Type
Ratings
Length
Year
Community
Subscriptions
Recent Discussions
Orange Saloon
Badges
Playlists
Quests
Create
Leaderboards
Showdown
Live 5
Trivia Bingo
Activity
Puzzle Library
Sporcle Events
Private Events
Virtual Trivia
Globe League
Become a Host
Pub Owners
SporcleCon
Opinionation
Our Games
Videos
Blog
Mobile Apps
Partnerships
Remove Ads and Go Orange
Feedback
Gaming
Video Games
Board Games
Card Games
Pokémon
Mario
Nintendo
Minecraft
Console
Toys
Legend of Zelda
Gaming
Video Games
Board Games
Card Games
Pokémon
Mario
Nintendo
Minecraft
Console
Toys
Legend of Zelda
Random Quiz
Search Sporcle
×
Quiz Lab
Quiz Lab
Gaming
champion
Type in answers that appear in a list
Type in answers that appear in a list
Classic
Best Score? Go Orange.
LoL Champions by E Ability Stats
Can you name the LoL Champions by E Ability?
By
division714
15m
156 Questions
164 Plays
164 Plays
164 Plays
Comments
Comments
Give Quiz Kudos
Give Quiz Kudos
-
- Ratings
hide this ad
Forced Order
Answers have to be entered in order
Answers have to be entered in order
Random Order
Randomize order of answers
Randomize order of answers
Replay
Link that replays current quiz
Next Quiz
Link to next quiz in quiz playlist
You Got
0%
They Got
Avg Score
60%
Avg Friend Score
Upgrade to see
Score Distribution
Jump to the score distribution portion of the page
Score
0/156
Timer
15:00
0
Plays Today
Ability
Champion
% Correct
Help, Pix!
Lulu
84.6%
Pillar of Ice
Trundle
84.6%
Cocoon/
Rappel
Elise
82.1%
CH-
2 Electron Storm Grenade
Heimerdinger
82.1%
Charm
Ahri
81.5%
90 Caliber Net
Caitlyn
80.9%
Wuju Style
Master Yi
80.2%
Black Shield
Morgana
80.2%
Bear Stance
Udyr
80.2%
Shifting Sands
Azir
79.6%
Thundering Blow/
Acceleration Gate
Jayce
79.6%
Furious Bite/
Tunnel
Rek'Sai
79.6%
Lunar Rush
Diana
79%
Snowball Barrage
Nunu & Willump
79%
Hexplosive Minefield
Ziggs
79%
Sleepy Trouble Bubble
Zoe
78.8%
Zoomies
Yuumi
78.5%
Make it Rain
Miss Fortune
78.4%
Song of Celerity
Sona
78.4%
Tides of Blood
Vladimir
78.4%
Time Warp
Zilean
78.4%
Powder Keg
Gangplank
77.8%
Spell Shield
Sivir
77.8%
Magical Journey
Bard
77.2%
Sapling Toss
Maokai
77.2%
Flay
Thresh
77.2%
Hail of Arrows
Varus
77.2%
Command:Protect
Orianna
76.5%
Body Slam
Gragas
75.9%
Demacian Standard
Jarvan IV
75.9%
Tidecaller's Blessing
Nami
75.3%
Stacked Deck
Twisted Fate
75.3%
Grasping Roots
Zyra
75.3%
Facebreaker
Sett
74.4%
Slice and Dice
Renekton
73.5%
Permafrost
Sejuani
73.5%
Condemn
Vayne
73.5%
Elastic Slingshot
Zac
73.5%
Hawkshot
Ashe
72.8%
Arcane Shift
Ezreal
72.8%
Flame Chompers!
Jinx
72.8%
Shunpo
Katarina
72.8%
Beat Drop
Seraphine
72.4%
Masochism
Dr. Mundo
72.2%
Scatter the Weak
Syndra
72.2%
Primal Surge/
Swipe
Nidalee
71.6%
Electro Harpoon
Rumble
71.6%
Twin Fang
Cassiopeia
71%
Hop/
Crunch
Gnar
71%
Counter Strike
Jax
71%
Lightning Rush
Kennen
71%
Bola Strike
Rengar
71%
Ability
Champion
% Correct
Two-
Shiv Poison
Shaco
71%
Toxic Shot
Teemo
71%
Death Ray
Viktor
70.4%
Shuriken Flip
Akali
69.8%
Assassin's Path
Talon
69.8%
Fling
Singed
69.1%
Gatling Gun
Corki
67.9%
Playful/
Trickster
Fizz
67.9%
Lucent Singularity
Lux
67.9%
Flame Breath
Shyvana
67.9%
Frenzying Taunt
Rammus
67.3%
Thick Skin
Tahm Kench
67.3%
Zenith Blade
Leona
66.7%
Curse of the Black Mist
Senna
66.4%
Unraveled Earth
Taliyah
66.2%
Void Ooze
Kog'Maw
65.4%
Glacial Path
Lissandra
64.8%
Primal Howl
Warwick
64.8%
Captive Audience
Jhin
64.6%
Rend
Kalista
64.2%
Ground Slam
Malphite
64.2%
Shadow Slash
Zed
64.2%
Comet of Legend
Aurelion Sol
63.7%
Unspeakable Horror
Nocturne
63.6%
Event Horizon
Veigar
63.6%
Frostbite
Anivia
63%
Vorpal Spikes
Cho'Gath
63%
Eye of the Storm
Janna
63%
Ethereal Chains
LeBlanc
62.3%
Phantom Undertow
Pyke
62.1%
Triggerseed
Ivern
61.8%
Molten Shield
Annie
61.7%
Tempest/
Cripple
Lee Sin
61.7%
Malefic Visions
Malzahar
61.7%
Hookshot
Camille
61.1%
Judgement
Garen
61.1%
Quickdraw
Graves
61.1%
Contaminate
Twitch
61.1%
Tantrum
Amumu
60.5%
Justice Punch
Galio
60.5%
Spell Flux
Ryze
60.5%
Soul Unbound
Yone
60.5%
Test of Spirit
Illaoi
60.2%
Dazzle
Taric
59.9%
Swirlseed
Lillia
59.5%
Nevermove
Swain
59.3%
Attract and Repel
Rell
58.7%
Nimbus Strike
Wukong
58%
Stand Aside
Draven
57.4%
Trample
Alistar
56.8%
Phase Dive
Ekko
56.2%
Conflagration
Brand
55.6%
Ability
Champion
% Correct
Riptide
Nautilus
55.6%
Bladecaller
Xayah
54.8%
Flawless Duet
Irelia
54.3%
Shadow Step
Kayn
54.2%
Sky Splitter
Volibear
52.5%
Battle Dance
Rakan
52.3%
Apprehend
Darius
51.9%
Reap
Fiddlesticks
51.9%
Explosive Charge
Tristana
51.9%
Heroic Charge
Poppy
50.6%
Equinox
Soraka
50.6%
Mourning Mist
Yorick
50%
Jousting
Kled
49.7%
Harrowed Path
Viego
49.6%
Unbreakable
Braum
48.8%
Relentless Pursuit
Lucian
48.8%
Vault
Quinn
48.8%
Bladework
Fiora
47.5%
Death's Grasp
Mordekaiser
47.5%
Reckless Swing
Olaf
47.5%
Aegis Assault
Pantheon
47.5%
Excessive Force
Vi
47.5%
Abscond
Sylas
47.4%
Defile
Karthus
46.9%
Starfire Spellblade
Kayle
46.3%
Leap
Kha'Zix
46.3%
Power Fist
Blitzcrank
45.7%
Inspire
Karma
45.7%
Devastating Charge
Hecarim
45.1%
Tangle-
Barbs
Neeko
44.9%
Force Pulse
Kassadin
44.4%
Audacity
Qiyana
44.4%
Roar of the Slayer
Sion
43.8%
Shadow Dash
Shen
43.2%
Spinning Slash
Tryndamere
42.6%
Heroic Swing
Akshan
41.9%
Disdain
Urgot
41.4%
Tectonic Disruption
Vel'Koz
41.4%
Skip 'n' Slash
Gwen
41.3%
Valor
Riven
40.7%
Audacious Charge
Xin Zhao
40.7%
Whiplash
Evelynn
39.5%
Shocking Orb
Xerath
39.5%
Mounting Dread
Kindred
37.3%
Wild Rush
Samira
37.2%
Sweeping Blade
Yasuo
37%
Umbral Dash
Aatrox
36.4%
Spirit Fire
Nasus
35.8%
Supercharge
Kai'Sa
33.3%
Looming Darkness
Vex
33.3%
Searing Charge
Ornn
32.9%
Fracture
Skarner
31.5%
Quiz Playlist
Details
Report
Send in Message
Add To Playlist
Classic:
Type in answers that appear in a list
Forced Order:
Answers have to be entered in order
Random Order:
Randomize order of answers
Last Updated: Nov 6, 2017
Quiz Scoreboard
CHALLENGE
Sign Up to Join the Scoreboard
Show All
Scores
Hide
Comments
May contain spoilers
Recently Published
Colored Red Africa Blitz
by spor1
Geography
30s
Find the 'City' Movie
by crazypaving
Movies
60s
5x2 Blitz: Bands
by SL_Kpop136
Music
30s
More to Explore
Quiz From the Vault
Featured Blog Post
14 Easter Pick-up Lines to Find Eggs With
hide this ad
You Might Also Like...
Tags
Ability
champion
lol
Today's Top Quizzes in Gaming
Browse Gaming
hide this ad
Today's Top Quizzes in champion
Browse champion
Top Contributed Quizzes in Gaming
1
Dead By Daylight Logic Puzzle
2
League of Legends Pro Players by Career/Team History
3
Destiny 2 exotic weapons by perk icons
4
Genshin Impact Logic Puzzle
5
Overwatch 2: Ultimate Ability Icons
6
Genshin Impact Logic Puzzle Quiz II
7
Windmill: Elements
8
Overwatch Logic Puzzle
9
Genshin Impact Logic Puzzle Quiz
10
Genshin murder mystery
Explore More
Trending Topics
Disney
Crossword
NBA
Harry Potter
Kpop
Anime
Marvel
The Office
Puzzle
Pokémon
NFL
Song
WWE
Country
Soccer
hide this ad
More By:
division714
Quiz
Plays
Rating
Category
Featured
Created
LoL Champions by Ban Quote
745
2.00
Gaming
Apr 2, 2017
LoL Q Abilities by Icon
655
Gaming
Oct 27, 2017
League of Legends Runes Reforged
426
5.00
Gaming
Oct 1, 2017
LoL Champion Ultimates
410
5.00
Gaming
Aug 25, 2015
LoL Champions by Title
369
5.00
Gaming
Aug 26, 2015
Go to Creator's Profile
Score Distribution
Quiz Creator Spotlight
division714
Follow
Send a Message
Quizzes Created
-
Created Quiz Play Count
-
More By This Creator
Popular Quizzes Today
1
Colored Red Africa Blitz
2
Find the 'City' Movie
3
Find the US States - No Outlines Minefield
4
5x2 Blitz: Bands
5
The Countries of the World
6
Find the US States
7
US States
8
9x9 Crossword: Cartoon Network
More Gaming Quizzes
Console War II
Curator's Pick
Trending Quizzes
Colored Red Europe Blitz I
Colored Red Europe Blitz II
Colored Red Africa Blitz II
Colored Red Africa Blitz III
Colored Red Europe Blitz III
Recently Updated
Grab Bag: 4-10 Letters
pecheneg
2024 March Madness Bracket
pecheneg
Famous TV Couples
Peacemaker
Champions League XIs: Real Madrid
pecheneg
Largest US Cities 1790-2010
pecheneg
Rides in Walt Disney World
pecheneg
Most Oscar Losses (Acting)
pecheneg
Beyoncé Albums
pecheneg
Leaping Animals
pecheneg
Reality TV Shows (A-Z)
bhenderson79
Trending Topics
Crossword
NBA
Anime
Harry Potter
Kpop
Disney
Marvel
NFL
Song
Soccer
Puzzle
Pokémon
WWE
Country
The Office
Your Account Isn't Verified!
In order to create a playlist on Sporcle, you need to verify the email address you used during registration. Go to your
Sporcle Settings
to finish the process.
Report this User
Report this user for behavior that violates our
Community Guidelines
.
Details:
Send Report
Go to the Sporcle.com Mobile Site →
Comments